Electronics - Screens - Statistics

General Stats
  • This quiz has been taken 18 times
  • The average score is 5 of 7
Answer Stats
Clue Device % Correct
You work on here Laptop
100%
Most common device for Instagram, TikTok.. Phone
100%
Many people watch movies on here, a bigger screen Tv
100%
A bit bigger than the device on question 1 Tablet
94%
Also for gamers to take videos Camera
67%
The stuff in theathers Projector
44%
Umm it’s for gamers really though Monitor
39%
No matching quizzes found
Score Distribution
Percent of People with Each Score
Percentile by Number Answered
Your Score History
You have not taken this quiz